| 000 | 00967cam a22003017a 4500 | ||
|---|---|---|---|
| 999 |
_c29723 _d29723 |
||
| 001 | 14335949 | ||
| 003 | OSt | ||
| 005 | 20260305115424.0 | ||
| 008 | 060411s2006 ii 000 1 mal | ||
| 010 | _a 2006346979 | ||
| 020 | _a8126411600 | ||
| 020 | _a9788126411603 | ||
| 025 | _aI-Mal- 2006-346979; 11 | ||
| 037 |
_aLibrary of Congress -- New Delhi Overseas Office _cRs90.00 |
||
| 040 | _coclc | ||
| 082 |
_a894.8123 _bDAS/M |
||
| 100 |
_aDas, Kamala _d1934-2009. _95366 |
||
| 240 | 1 | 0 |
_aNovels. _kSelections |
| 245 | 1 | 0 |
_aMādhavikkuṭṭiyuṭe nōvellakaḷ / _cKamala Das |
| 246 | 1 |
_iTitle on t.p. verso: _aMadhavikkuttiyude novellakal |
|
| 260 |
_a[Kottayam] : _bḌi. Si. Buks, _c2006. |
||
| 300 |
_a220 p. ; _c23 cm. |
||
| 500 | _aNovels. | ||
| 546 | _aIn Malayalam. | ||
| 906 |
_a7 _bibc _corigode _d4 _encip _f20 _gy-gencatlg |
||
| 942 |
_2ddc _cBK _h894.8123 _iDAS/M _k894.8123 _mDAS/M |
||